Agencies of the Philippines - Statistics

General Stats
  • This quiz has been taken 64 times
  • The average score is 13 of 37
Answer Stats
Hint Answer % Correct
DOH Department of Health
89%
DepEd Department of Education
85%
BIR Bureau of Internal Revenue
83%
DSWD Department of Social Welfare and Development
74%
DOJ Department of Justice
70%
DA Department of Agriculture
65%
DOTr Department of Transportation
63%
AFP Armed Forces Of The Philippines
61%
BFP Bureau of Fire Protection
59%
DOLE Department of Labor and Employment
59%
DENR Department of Environment and Natural Resources
57%
DOE Department of Energy
52%
DFA Department of Foreign Affairs
52%
DOST Department of Science and Technology
50%
DOT Department of Tourism
50%
DAR Department of Agrarian Reform
46%
DOF Department of Finance
43%
SSS Social Security System
43%
DPWH Department of Public Works and Highways
41%
BI Bureau of Immigration
39%
DTI Department of Trade and Industry
35%
PNP Philippine National Police
33%
DBM Department of Budget and Management
26%
DMW Department of Migrant Workers
11%
PAF Philippine Air Force
11%
PCG Philippine Coast Guard
9%
PAGASA Philippine Atmospheric Geophysical and Astronomical Services Administration
7%
PHIVOLCS Philippine Institute of Volcanology and Seismology
7%
DND Department of National Defense
4%
DILG Department of the Interior and Local Government
4%
PCSO Philippine Charity Sweepstakes Office
4%
PIA Philippine Information Agency
4%
DHSUD Department of Human Settlements and Human Development
0%
DICT Department of Information and Communications Techonology
0%
GSIS Government Service Insurance System
0%
IMF International Monetary Fund
0%
PRC Philippine Red Cross
0%
No matching quizzes found
Score Distribution
Percent of People with Each Score
Percentile by Number Answered
Your Score History
You have not taken this quiz